| 000 | 00641nam a22001817a 4500 | ||
|---|---|---|---|
| 999 |
_c13788 _d13788 |
||
| 003 | AR-CdUCM | ||
| 008 | 190415b ||||| |||| 00| 0 spa d | ||
| 040 |
_aMUNICIPALIDAD PROVINCIAL DEL CUSCO _cBIBLIOTECA MUNICIPAL DEL CUSCO |
||
| 082 |
_a780.9 / _bL31 / 1922 |
||
| 100 |
_aLavignac, Albert _932021 |
||
| 245 |
_aEncyclopedie de la musique et dictionnaire du conservatoire : _bprimera parte / |
||
| 260 |
_aParis : _bDelagrave, _c1931. |
||
| 300 |
_adel 2486 al 3403 páginas ; _c29 cm. _bilustraciones. |
||
| 505 | _aHistoire de la mosique. | ||
| 700 |
_aLaurencie, Lionel de la _932347 |
||
| 942 |
_2ddc _cLIBROS |
||
| 945 |
_awfj _d2019-04-15 |
||